Statistics for Top websites by letter

Click here to take the quiz!

General Stats

  • This quiz has been taken 35 times
  • The average score is 8 of 26

Answer Stats

Hint Answer % Correct
GGoogle
97%
FFacebook
91%
TTwitter
82%
AAmazon
79%
YYoutube
67%
EEbay
58%
IInstagram
52%
MMSN / mail.ru
48%
RReddit
36%
WWikipedia
33%
PPinterest / Pornhub
30%
CCraigslist / China daily
21%
XXVideos
21%
NNetflix
18%
LWindows Live / Linkedin
15%
BBaidu
12%
VVK
9%
QTencent QQ
3%
UUniverso Online
3%
OOnclickads
0%
SSina
0%
KKickass torrent
0%
JJingdong mall
0%
HHao123
0%
DDropbox
0%
ZZhihu
0%

Score Distribution

Percentile by Number Answered

Percent of People with Each Score

Your Score History

You have not taken this quiz